00597 2200217 4500001002100000005001500021035002000036007000300056008004100059020001800100082001200118084001800130100002100148245010600169250001100275260003400286300003000320650001000350990000900360990001000369INLIS00000000001150620220602095929 a0010-0622000016ta220602 g 0 eng  a9789790451094 a746.662 a746.662 HER t0 aHeriyanto Atmojo1 aTraditionals Batik of Kauman Solo :bAn Exotic, Timeless Cultural Heritage /cHeriyanto Atmojo, S. Sn aCet. 1 aSolo :bTiga Serangkai,c2009 a110 hlm ;c21.5 x 30.4 cm 4aBATIK a5827 a5827A